|
|
|
|
| LEADER |
01362nam a2200373Ia 4500 |
| 001 |
EBC416434 |
| 003 |
MiAaPQ |
| 005 |
20200520144314.0 |
| 006 |
m o d | |
| 007 |
cr cn||||||||| |
| 008 |
081031s2008 enka sb 001 0 eng d |
| 010 |
|
|
|z 2008044727
|
| 020 |
|
|
|z 9780470694343 (cloth)
|
| 020 |
|
|
|z 0470694343 (cloth)
|
| 035 |
|
|
|a (MiAaPQ)EBC416434
|
| 035 |
|
|
|a (Au-PeEL)EBL416434
|
| 035 |
|
|
|a (CaPaEBR)ebr10278654
|
| 035 |
|
|
|a (CaONFJC)MIL268672
|
| 035 |
|
|
|a (OCoLC)437097629
|
| 040 |
|
|
|a MiAaPQ
|c MiAaPQ
|d MiAaPQ
|
| 050 |
|
4 |
|a HG4529
|b .D65 2008
|
| 100 |
1 |
|
|a Dologa, Mircea.
|
| 245 |
1 |
0 |
|a Integrated pitchfork analysis
|h [electronic resource] :
|b basic to intermediate level /
|c Mircea Dologa.
|
| 260 |
|
|
|a Chichester, West Sussex, England ;
|a Hoboken, NJ :
|b Wiley,
|c c2008.
|
| 300 |
|
|
|a ix, 444 p. :
|b ill.
|
| 490 |
1 |
|
|a Wiley trading series
|
| 504 |
|
|
|a Includes bibliographical references and index.
|
| 533 |
|
|
|a Electronic reproduction. Ann Arbor, MI : ProQuest, 2015. Available via World Wide Web. Access may be limited to ProQuest affiliated libraries.
|
| 650 |
|
0 |
|a Investment analysis.
|
| 650 |
|
0 |
|a Decision making.
|
| 655 |
|
4 |
|a Electronic books.
|
| 710 |
2 |
|
|a ProQuest (Firm)
|
| 830 |
|
0 |
|a Wiley trading series.
|
| 856 |
4 |
0 |
|u https://ebookcentral.proquest.com/lib/matrademy/detail.action?docID=416434
|z Click to View
|